000 00354pam a2200157a 44500
008 230515b2002 xxu||||| |||| 00| 0 eng d
020 _aNULL
041 _aENGLISH
082 _aN.D.
100 _aRamamrutham / Narayan R.
245 _aTheory Of Structures
250 _a0
260 _aNULL
_bDhanpat Rai
_c2002
300 _a1380
650 _aNULL
999 _c584604
_d584604